| 000 | 00360nam a22001457a 4500 | ||
|---|---|---|---|
| 008 | 210311b ||||| |||| 00| 0 eng d | ||
| 020 | _a1001077131 | ||
| 041 | _aeng | ||
| 080 | _a004 | ||
| 082 | _a004 | ||
| 100 | _a28 | ||
| 101 | _aSHKI | ||
| 245 |
_aFundamentals Structured Programming Using Fortran with SF/k and Watfiv-s _cHolt, R. C |
||
| 942 |
_2udc _cBK |
||
| 999 |
_c56415 _d56415 |
||